| 000 | 00731nam a2200241 4500 | ||
|---|---|---|---|
| 001 | 46297 | ||
| 010 | _a9789897104237 | ||
| 021 | _b474085/20 | ||
| 090 | _a46297 | ||
| 100 | _a20201110d2020 m y0pory50030103ba | ||
| 101 | 1 | _apor | |
| 102 | _aPT | ||
| 200 | 1 |
_aPorto de abrigo _fNora Roberts _gtrad. Carla Ferraz |
|
| 210 | 9 |
_aParede _cChá das cinco _d2008 |
|
| 215 |
_a270 p. _d17 cm |
||
| 225 | 2 | _aA Saga da Baía de Chesapeake | |
| 304 | _aTít. orig.: Inner harbor | ||
| 675 |
_a821.111(73)-31"19/20" _vBN _zpor |
||
| 700 | 1 |
_aRoberts, _bNora, |
|
| 702 | 1 |
_aFerraz, _bCarla Maria Morais _4730 |
|
| 801 | 0 |
_aPT _bBN _gRPC |
|
| 856 | 4 | 1 | _uhttp://rnod.bnportugal.gov.pt/ImagesBN/winlibimg.aspx?skey=&doc=2059335&img=144973&save=true |
| 990 | _cLIVROS | ||